Mort subite 15 communes les plus densément peuplées d'Ile-de-France - Statistiques

Statistiques générales
  • Ce quiz a été pris 235 fois
  • Le résultat moyen est 2 sur 15
Answers on the Grid
Answers color-coded by a green-red scale on the quiz's grid according to % correct below.
Montrouge
Bois Colombes
Asnières sur Seine
Suresnes
Aubervilliers
Bondy
Levallois Perret
Bagnolet
Les Lilas
Courbevoie
Issy les Moulineaux
Pantin
Malakoff
Vincennes
Épinay sur Seine
Le Kremlin Bicêtre
Nogent sur Marne
Paris
Vanves
Puteaux
Châtillon
Charenton le Pont
Clichy
Nanterre
Boulogne Billancourt
Maisons Alfort
La Garenne Colombes
Montreuil
Colombes
Neuilly sur Seine
 
Statistiques - réponses
Réponse % Correct
4 Paris
55%
1 Levallois Perret
24%
7 Boulogne Billancourt
22%
3 Montrouge
19%
8 Asnières sur Seine
16%
14 Issy les Moulineaux
16%
2 Vincennes
13%
6 Clichy
10%
9 Neuilly sur Seine
10%
5 Courbevoie
6%
13 Le Kremlin Bicêtre
5%
11 Les Lilas
3%
10 Vanves
3%
15 Charenton le Pont
1%
12 La Garenne Colombes
1%
Aucun quiz correspondant
Distribution des résultats
% des personnes avec chaque résultat
Percentile par nombre de réponses
Votre historique - résultats
Vous n’avez pas pris ce quiz